| 000 | 00524nam a2200169 a 4500 | ||
|---|---|---|---|
| 001 | 000013534 | ||
| 005 | 20200929163248.0 | ||
| 008 | 091125s1982 dr a 001 0 spa d | ||
| 040 |
_aDO-SdBNP _bspa _cBNPHU |
||
| 082 |
_axxx _bF385p |
||
| 100 | 1 |
_aFerreras, Ramón Alberto _911298 |
|
| 245 | 1 | 0 |
_a¡Prohibido enfermarse! / _cRamón Alberto Ferreras. |
| 260 |
_aSanto Domingo : _bNordeste, _c1982. |
||
| 300 |
_a271 p. : _bil. ; _c21 cm. |
||
| 500 | _aIncluye datos biográficos del autor en la contracubierta | ||
| 049 | _aBNPD | ||
| 999 |
_c13157 _d13157 |
||